History Quiz

Random History or Letter Quiz
Score 0/23 Timer 02:00
0 Plays Today
% Correct
Barack Obama
94%
George Washington
93.8%
George W. Bush
93.7%
George H. W. Bush
93.7%
John Adams
91.8%
John Quincy Adams
91.5%
Abraham Lincoln
87.8%
Bill Clinton
85.9%
John F. Kennedy
85.4%
Lyndon B. Johnson
83.3%
Andrew Johnson
83.2%
Richard Nixon
81.7%
% Correct
William H. Taft
75.1%
Andrew Jackson
74.5%
James K. Polk
72.9%
James Madison
71.8%
Calvin Coolidge
64.7%
Woodrow Wilson
64.3%
Grover Cleveland
59%
William McKinley
57.3%
James Buchanan
55.7%
Rutherford B. Hayes
50.6%
Joe Biden
6.1%
Remove Ads.
Support Sporcle.
Get the best of Sporcle when you Go Orange. This ad-free experience offers more features, more stats, and more fun while also helping to support Sporcle. Thank you for becoming a member.

You're not logged in!

Compare scores with friends on all Sporcle quizzes.
OR
Log In

Show Comments

Extras

Top Quizzes Today


Score Distribution

Your Account Isn't Verified!

In order to create a playlist on Sporcle, you need to verify the email address you used during registration. Go to your Sporcle Settings to finish the process.

Report this User

Report this user for behavior that violates our Community Guidelines.

Details: